The Secret Letters (Record no. 94779)
[ view plain ]
| 000 -LEADER | |
|---|---|
| fixed length control field | 00615nam a2200229Ia 4500 |
| 005 - DATE AND TIME OF LATEST TRANSACTION | |
| control field | 20230421115055.0 |
| 008 - FIXED-LENGTH DATA ELEMENTS--GENERAL INFORMATION | |
| fixed length control field | 230125s9999 xx 000 0 und d |
| 020 ## - INTERNATIONAL STANDARD BOOK NUMBER | |
| International Standard Book Number | 9788184952926 |
| 041 ## - LANGUAGE CODE | |
| Language code of text/sound track or separate title | eng |
| 082 ## - DEWEY DECIMAL CLASSIFICATION NUMBER | |
| Classification number | 823 |
| Item number | SHA |
| 100 ## - MAIN ENTRY--PERSONAL NAME | |
| Author | Sharma R |
| 245 ## - TITLE STATEMENT | |
| Title | The Secret Letters |
| Remainder of title | A Fable about living your best life from the mink who sold his Ferrari |
| 250 ## - EDITION STATEMENT | |
| Edition statement | Ed.4th |
| 260 ## - PUBLICATION, DISTRIBUTION, ETC. | |
| Date of publication, distribution, etc. | 2015 |
| Name of publisher, distributor, etc. | Jaico Publishing House |
| Place of publication, distribution, etc. | Mumbai |
| 300 ## - PHYSICAL DESCRIPTION | |
| Extent | 223p |
| 500 ## - GENERAL NOTE | |
| Keywords | English Literature |
| 650 ## - SUBJECT ADDED ENTRY--TOPICAL TERM | |
| Topical term or geographic name entry element | English Literature |
| 700 ## - ADDED ENTRY--PERSONAL NAME | |
| Personal name | Sharma R |
| 942 ## - ADDED ENTRY ELEMENTS (KOHA) | |
| Koha item type | Books |
| 906 ## - LOCAL DATA ELEMENT F, LDF (RLIN) | |
| b | 77.5 |
| Withdrawn status | Lost status | Damaged status | Not for loan | Home library | Current library | Date acquired | Vendor | Net Price | Bill number | Total Checkouts | Full call number | Barcode | Date last seen | Actual Price | Bill Date | Koha item type | Original Barcode | Source of classification or shelving scheme | Date last checked out |
|---|---|---|---|---|---|---|---|---|---|---|---|---|---|---|---|---|---|---|---|
| Cummins College of Engineering for Women Nagpur | Cummins College of Engineering for Women Nagpur | 13/07/2023 | Foster Reads | 5 | 823 SHA | CEWN-CB-0109 | 03/12/2025 | 13/07/2023 | Compact Books | Dewey Decimal Classification | 17/11/2025 | ||||||||
| Smt. Hiraben Nanavati Institute of Management & Research for Women | Smt. Hiraben Nanavati Institute of Management & Research for Women | 16/03/2017 | Suyog Enterprises | 250.00 | SE/SI/3867 | 823 SHA B15663 | HIMR-BK-15663 | 25/01/2023 | 172.50 | 08/03/2017 | Books | B15663 |